Statistics for Muscat International Airport Destinations (Muscat, Oman)

Click here to take the quiz!

General Stats

  • This quiz has been taken 27 times
  • The average score is 52 of 88

Answer Stats

AirlineDestination% Correct
Etihad Airways/Oman Air/SalamAir/Wizz AirAbu Dhabi
100%
Ethiopian AirlinesAddis Ababa
100%
Air India/Oman AirDelhi
100%
Emirates/flydubai/Oman AirDubai (International)
100%
Oman Air/Pakistan International AirlinesIslamabad
100%
Oman Air/SalamAir/SaudiaJeddah
100%
Air India/IndiGo/Oman Air/VistaraMumbai
100%
Air Arabia/Egyptair/Oman AirCairo
95%
Oman Air/SalamAir/Turkish AirlinesIstanbul
95%
Pegasus Airlines/SalamAirIstanbul (Sabiha Gokcen)
95%
Oman Air/SalamAirRiyadh
95%
Air India Express/Oman AirBangalore
90%
Oman Air/Qatar Airways/SalamAirDoha
90%
Oman Air/Pakistan International Airlines/SalamAirKarachi
90%
Jazeera Airways/Kuwait Airways/Oman Air/SalamAirKuwait City
90%
Airblue/Oman Air/Pakistan International AirlinesLahore
90%
Oman AirLondon (Heathrow)
90%
Oman Air/SalamAirMedina
90%
Oman AirMoscow (Sheremetyevo)
90%
Oman AirParis (Charles de Gaulle)
90%
Gulf Air/Oman Air/SalamAirBahrain
85%
Edelweiss Air/Oman AirZurich
85%
SalamAirBaku
80%
Biman Bangladesh Airlines/Oman Air/SalamAir/US-Bangla AirlinesDhaka
80%
Oman AirFrankfurt
80%
SalamAirAlmaty
75%
Oman AirAmman (Queen Alia)
75%
SalamAirBaghdad
75%
SalamAirBeirut
75%
IndiGo/Oman AirChennai
75%
Oman Air/SalamAirKuala Lumpur (International)
75%
Oman Air/SalamAirAlexandria
70%
Oman Air/SalamAirBangkok (Suvarnabhumi)
70%
Oman Air/SalamAir/SriLankan AirlinesColombo (Bandaranaike)
70%
Cham Wings AirlinesDamascus
70%
Air India Express/IndiGo/Oman AirHyderabad
70%
SalamAirKhartoum
70%
Oman AirMale
70%
Oman Air/SalamAirMunich
70%
Oman Air/Qeshm Air/SalamAir/Taban AirTehran (Imam Khomeini)
70%
SalamAirBishkek
65%
Oman Air/SalamAirDammam
65%
SalamAirTbilisi
65%
Biman Bangladesh Airlines/Oman Air/SalamAir/US-Bangla AirlinesChittagong
60%
Oman AirJakarta (Soekarno-Hatta)
60%
SalamAirKathmandu
60%
Oman Air/SalamAirLucknow
60%
Oman AirMilan (Malpensa)
60%
Pakistan International Airlines/SalamAirMultan
60%
Pakistan International Airlines/SalamAirPeshawar
60%
Air India Express/IndiGo/Oman AirKochi
55%
Oman AirManila
55%
Kish Air/Oman Air/Pars Air/Qeshm Air/SalamAir/Taban AirShiraz
55%
Oman AirGoa (Mopa)
50%
SalamAirJaipur
50%
Oman Air/Qeshm Air/SalamAir/Taban AirMashhad
50%
Oman Air/SalamAirPhuket
50%
SalamAirQuetta
50%
Air ArabiaSharjah
50%
Oman AirDar es Salaam
45%
Air India ExpressMangalore
45%
Oman Air/SalamAirSalalah
45%
Biman Bangladesh Arilines/US-Bangla AirlinesSylhet
45%
Oman AirZanzibar
45%
Pakistan International Airlines/SalamAirFaisalabad
40%
Pakistan International Airlines/SalamAirSialkot
40%
Karun AirlinesBandar Abbas
35%
Air India Express/IndiGo/Oman AirKozhikode
35%
Qeshm AirQeshm
35%
Air India Express/IndiGo/Oman Air/SalamAirThiruvananthapuram
35%
Oman AirGuangzhou
25%
Pakistan International AirlinesGwadar
25%
SalamAirPrague
25%
SalamAirFujairah
20%
SalamAirTa'if
20%
Oman Air/SalamAirTrabzon
20%
SalamAirBursa
15%
Oman AirDuqm
15%
Air India ExpressKannur
15%
Oman AirKhasab
15%
SalamAirMasirah
15%
SalamAirSarajevo
15%
Pakistan International AirlinesTurbat
15%
Air India ExpressVijayawada
15%
SalamAirMukhaizna
10%
SalamAirOsh
10%
SalamAirRize (Artvin)
10%
Air India ExpressTiruchirapalli
10%

Score Distribution

Percentile by Number Answered

Percent of People with Each Score

Your Score History

You have not taken this quiz